FAST food operations and their management

Bibliographic Details
Other Authors: Ball, Stephen (edited by)
Format: Book
Published: England : Stanley Thornes , 1992
Subjects:

MARC

LEADER 00000cam a2200000 7i4500
001 0000002707
002 000002935
005 20000330.0
020 |a 074871345X 
090 0 0 |a 658.87   |b FAS 
245 0 0 |a FAST food operations and their management   |c edited by Stephen Ball 
260 |a England :   |b Stanley Thornes ,   |c 1992 
300 |a 262p. ;   |c 24cm. 
650 0 0 |a Fast food restaurants 
700 0 |a Ball, Stephen ,   |e edited by 
999 |a 036297   |b BUKU   |c RUJUKAN   |e PERPUSTAKAAN KOMUNITI PETALING JAYA